Lana Del Rey song No hints #1 - Statistics

General Stats
  • This quiz has been taken 132 times
  • The average score is 125 of 201
Answer Stats
Lyrics % Correct
I
99%
a
95%
you
95%
You
95%
love
87%
me
86%
the
82%
your
82%
Your
82%
do
81%
and
80%
it
76%
in
74%
to
72%
You're
68%
you're
68%
what
66%
don't
65%
so
65%
like
64%
when
64%
it's
63%
that
63%
but
62%
But
62%
of
61%
just
60%
blue
59%
Blue
59%
know
59%
man
59%
all
56%
All
56%
for
54%
can't
51%
as
50%
As
50%
said
50%
'Cause
49%
hands
49%
have
49%
head
49%
child
48%
color
48%
good
48%
see
48%
Why
48%
make
47%
almost
46%
fucked
46%
get
46%
bad
45%
Goddamn
44%
put
43%
six
42%
through
42%
even
41%
foot
41%
poet
41%
act
40%
could
40%
half
40%
kid
40%
news
40%
shit
40%
two
40%
wild
40%
blame
39%
yeah
39%
Yeah
39%
though
38%
fun
37%
stand
37%
change
36%
mood
36%
poetry's
36%
wait
35%
best
34%
oh
34%
talk
34%
bored
33%
party
32%
gets
30%
walls
29%
self-loathing
22%
resident
17%
Canyon
14%
Laurel
14%
know-it-all
13%
ah-ah
11%
No matching quizzes found
Score Distribution
Percent of People with Each Score
Percentile by Number Answered
Your Score History
You have not taken this quiz